Obnoviteľné zdroje energií a energetická efektívnosť - podpora regionálnych energetických politík

Ciele a výsledky riešeného projektu "Ener supply". Efektívne využívanie obnoviteľných zdrojov energií.

Guardado en:
Detalles Bibliográficos
Autor principal: Naščáková, Jana
Formato: Capítulo de libro
Lenguaje:eslovaco
Materias:
Etiquetas: Agregar Etiqueta
Sin Etiquetas, Sea el primero en etiquetar este registro!

MARC

LEADER 00000nla a2200000 4500
001 0184327
005 20240502073148.2
041 0 |a slo 
044 |a SK 
245 1 0 |a Obnoviteľné zdroje energií a energetická efektívnosť - podpora regionálnych energetických politík  |c Jana Naščáková 
520 |a Ciele a výsledky riešeného projektu "Ener supply". Efektívne využívanie obnoviteľných zdrojov energií. 
610 2 0 |a energetika 
610 2 0 |a zdroje energie obnoviteľné 
610 2 0 |a zdroje energie alternatívne 
610 2 0 |a prostredie životné 
610 2 0 |a projekty 
100 1 |a Naščáková, Jana